000
00293nam a2200109Ia 4500
008
200302s9999 xx 000 0 und d
100
_a
Kenneth Frampton and Others
245
_a
Raj Rewal Innovative Architcture and Tradition
260
_b
Om Books International
260
_c
2013
300
_a
279
999
_c
6938
_d
6938